[Event "SWE-chT 1920 Elite"]
[Site "Sweden"]
[Date "2020.10.20"]
[Round "9.1"]
[White "Cramling, Pia"]
[Black "Lindgren, Philip"]
[Result "0-1"]
[WhiteElo "2462"]
[BlackElo "2347"]
[PlyCount "74"]
[EventDate "2019.10.18"]
[EventType "team-tourn"]
[EventRounds "9"]
[EventCountry "SWE"]
[SourceTitle "EXT 2022"]
[Source "ChessBase"]
[SourceDate "2021.10.06"]
[SourceVersion "1"]
[SourceVersionDate "2021.10.06"]
[SourceQuality "1"]
[WhiteTeam "Wasa"]
[BlackTeam "Limhamn"]
[WhiteTeamCountry "SWE"]
[BlackTeamCountry "SWE"]

1. d4 Nf6 2. c4 e6 3. Nf3 d5 4. Bg5 h6 5. Bxf6 Qxf6 6. g3 c5 7. cxd5 exd5 8. Nc3 Be6 9. Bg2 Nc6 10. 0-0 cxd4 11. Nb5 Rc8 12. Rc1 Be7 13. Nfxd4 0-0 14. e3 a6 15. Nxc6 Rxc6 16. Nd4 Rxc1 17. Qxc1 Rc8 18. Qd2 Rc5 19. Rd1 Qe5 20. Qd3 Bg4 21. Re1 Bf6 22. h3 Bd7 23. Rd1 Qc7 24. Rd2 Bxd4 25. Qxd4 Be6 26. Kh2 a5 27. b3 b6 28. h4 Rb5 29. Qd3 Rc5 30. Bf3 Qe5 31. Qa6 Qc3 32. Re2 b5 33. Qd6 b4 34. e4 Qxf3 35. Qxc5 Qxe2 36. exd5 Bf5 37. d6 Qf3 0-1

[Event "Bundesliga 1920 final"]
[Site "Karlsruhe"]
[Date "2020.09.20"]
[Round "7.6"]
[White "Meessen, Rudolf"]
[Black "Lindgren, Philip"]
[Result "1/2-1/2"]
[WhiteElo "2234"]
[BlackElo "2358"]
[PlyCount "101"]
[EventDate "2020.09.16"]
[EventType "team-tourn"]
[EventRounds "7"]
[EventCountry "GER"]
[SourceTitle "CBM 198 Extra"]
[Source "ChessBase"]
[SourceDate "2020.11.30"]
[SourceVersion "1"]
[SourceVersionDate "2020.11.30"]
[SourceQuality "1"]
[WhiteTeam "Aachen"]
[BlackTeam "Bayern Muenchen"]
[WhiteTeamCountry "GER"]
[BlackTeamCountry "GER"]

1. d4 Nf6 2. c4 e6 3. Nc3 Bb4 4. f3 0-0 5. e4 d5 6. e5 Nfd7 7. cxd5 exd5 8. f4 c5 9. a3 Ba5 10. Be3 cxd4 11. Bxd4 Bxc3+ 12. bxc3 Qh4+ 13. g3 Qe7 14. Bg2 f6 15. Bxd5+ Kh8 16. Nf3 fxe5 17. Nxe5 Nxe5 18. Bxe5 Nd7 19. Qd4 Nxe5 20. Qxe5 Qc5 21. Qd4 Qxd4 22. cxd4 Rd8 23. Bf3 Rxd4 24. 0-0 Rb8 25. Rfd1 Rd7 26. Rac1 Rxd1+ 27. Rxd1 Be6 28. Rd6 Bg8 29. Rd7 b5 30. Rxa7 b4 31. axb4 Rxb4 32. Rb7 Rxb7 33. Bxb7 g6 34. Kf2 h6 35. Ke3 Kg7 36. Kd4 Be6 37. Ke5 Bd7 38. Bd5 Bg4 39. Be6 Be2 40. g4 Bd3 41. h4 Bc2 42. Bd5 Bd1 43. Be6 Bc2 44. Bd7 Bd3 45. Be8 Kf8 46. Bc6 Kg7 47. Be4 Be2 48. f5 Bxg4 49. f6+ Kf7 50. Bd5+ Kf8 51. Kf4 1/2-1/2

[Event "SWE-chT 1920 Elite"]
[Site "Sweden"]
[Date "2019.10.20"]
[Round "3.4"]
[White "Lindgren, Philip"]
[Black "Lundin, Jan"]
[Result "1-0"]
[WhiteElo "2347"]
[BlackElo "2291"]
[PlyCount "62"]
[EventDate "2019.10.18"]
[EventType "team-tourn"]
[EventRounds "9"]
[EventCountry "SWE"]
[SourceTitle "CBM 192 Extra"]
[Source "Chessbase"]
[SourceDate "2019.11.06"]
[SourceVersion "1"]
[SourceVersionDate "2019.11.06"]
[SourceQuality "1"]
[WhiteTeam "Limhamn"]
[BlackTeam "Farsta"]
[WhiteTeamCountry "SWE"]
[BlackTeamCountry "SWE"]

1. Nf3 f5 2. g3 Nf6 3. Bg2 d6 4. d4 g6 5. 0-0 Bg7 6. b3 0-0 7. Bb2 c6 8. c4 Na6 9. Nbd2 Nc7 10. Qc2 Nh5 11. b4 Kh8 12. e4 f4 13. d5 e5 14. dxc6 g5 15. c5 g4 16. cxd6 Qxd6 17. Nxe5 f3 18. Bh1 Ne6 19. Ndc4 Qc7 20. cxb7 Bxb7 21. h3 Ng5 22. hxg4 Bxe4 23. Qd2 Nxg3 24. fxg3 f2+ 25. Kh2 Bxh1 26. Rxh1 Nf3+ 27. Nxf3 Rxf3 28. Bxg7+ Qxg7 29. Qe2 Raf8 30. Raf1 Qxg4 31. Qe5+ R8f6 1-0

[Event "SWE-chT 1920 Elite"]
[Site "Sweden"]
[Date "2019.10.19"]
[Round "2.5"]
[White "Lokander, Martin"]
[Black "Lindgren, Philip"]
[Result "1/2-1/2"]
[WhiteElo "2401"]
[BlackElo "2347"]
[PlyCount "91"]
[EventDate "2019.10.18"]
[EventType "team-tourn"]
[EventRounds "9"]
[EventCountry "SWE"]
[SourceTitle "CBM 194 Extra"]
[Source "ChessBase"]
[SourceDate "2020.03.31"]
[SourceVersion "1"]
[SourceVersionDate "2020.03.31"]
[SourceQuality "1"]
[WhiteTeam "Stockholm CC"]
[BlackTeam "Limhamn"]
[WhiteTeamCountry "SWE"]
[BlackTeamCountry "SWE"]

1. c4 Nf6 2. Nc3 e6 3. e4 d5 4. cxd5 exd5 5. e5 Ne4 6. Nf3 Nc6 7. Bb5 Nxc3 8. dxc3 Be7 9. Nd4 Bd7 10. Bxc6 bxc6 11. Nb3 0-0 12. Be3 f6 13. exf6 Rxf6 14. 0-0 Rg6 15. Bf4 Bd6 16. Bxd6 cxd6 17. f3 a5 18. Qd2 Rb8 19. Rae1 a4 20. Nc1 Qh4 21. Nd3 Rh6 22. g3 Qf6 23. Nb4 Rg6 24. Re3 h5 25. Rfe1 Rf8 26. Qd4 Qg5 27. Qa7 Rf7 28. Qa8+ Kh7 29. Nd3 h4 30. f4 Qf5 31. Qd8 hxg3 32. hxg3 Qh3 33. R1e2 Rxg3+ 34. Rxg3 Qxg3+ 35. Rg2 Qxd3 36. Qh4+ Kg8 37. Qd8+ Kh7 38. Qh4+ Kg8 39. Qd8+ Rf8 40. Qxd7 Qe3+ 41. Kh1 Qe1+ 42. Kh2 Qh4+ 43. Kg1 Qe1+ 44. Kh2 Qh4+ 45. Kg1 Qe1+ 46. Kh2 1/2-1/2

[Event "Gothenburg Manhem-A"]
[Site "Gothenburg"]
[Date "2019.08.16"]
[Round "9"]
[White "Ahlander, Bjorn"]
[Black "Lindgren, Philip"]
[Result "1-0"]
[WhiteElo "2390"]
[BlackElo "2362"]
[PlyCount "53"]
[EventDate "2019.08.10"]
[EventType "tourn"]
[EventRounds "9"]
[EventCountry "SWE"]
[EventCategory "8"]
[SourceTitle "CBM 191 Extra"]
[Source "ChessBase"]
[SourceDate "2019.09.30"]
[SourceVersion "1"]
[SourceVersionDate "2019.09.30"]
[SourceQuality "1"]

1. d4 Nf6 2. c4 e6 3. Nc3 Bb4 4. e3 0-0 5. Bd3 d5 6. Nf3 c5 7. 0-0 cxd4 8. exd4 dxc4 9. Bxc4 b6 10. Bg5 Bb7 11. Ne5 Be7 12. Qb3 Nc6 13. Bxe6 Nxd4 14. Bxf7+ Kh8 15. Qd1 Bc5 16. Bc4 b5 17. Nf7+ Rxf7 18. Bxf7 Qd7 19. Bxf6 gxf6 20. Qh5 b4 21. Nd5 Rf8 22. Qxh7+ Kxh7 23. Nxf6+ Kh8 24. Nxd7 Rxf7 25. Nxc5 Nf3+ 26. Kh1 Bc6 27. Rad1 1-0

[Event "Gothenburg Manhem-A"]
[Site "Gothenburg"]
[Date "2019.08.14"]
[Round "7"]
[White "Lindgren, Philip"]
[Black "Golubka, Petr"]
[Result "1/2-1/2"]
[WhiteElo "2362"]
[BlackElo "2479"]
[PlyCount "122"]
[EventDate "2019.08.10"]
[EventType "tourn"]
[EventRounds "9"]
[EventCountry "SWE"]
[EventCategory "8"]
[SourceTitle "CBM 191 Extra"]
[Source "ChessBase"]
[SourceDate "2019.09.30"]
[SourceVersion "1"]
[SourceVersionDate "2019.09.30"]
[SourceQuality "1"]

1. c4 Nf6 2. d4 g6 3. Nc3 d5 4. Nf3 Bg7 5. Qb3 dxc4 6. Qxc4 0-0 7. e4 Na6 8. Be2 c5 9. d5 e6 10. 0-0 exd5 11. exd5 Bf5 12. Rd1 Qb6 13. Nh4 Bd7 14. Be3 Rfe8 15. a3 Rac8 16. h3 h6 17. Nf3 Bf5 18. Qb5 Red8 19. Qxb6 axb6 20. Rac1 Nc7 21. g4 Be4 22. d6 Ne6 23. Nd2 Bc6 24. Nc4 Nd7 25. Bf1 Nd4 26. Bg2 Nb3 27. Rc2 Nd4 28. Rcc1 Nb3 29. Rc2 b5 30. Nd2 Nd4 31. Rcc1 Ne5 32. Bxd4 cxd4 33. Nd5 Bf8 34. Ne7+ Bxe7 35. dxe7 Re8 36. Ne4 Rxe7 37. Rxd4 Kg7 38. Rc2 Rcc7 39. f4 Nc4 40. Kf2 Rcd7 41. Rxd7 Rxd7 42. Nc5 Rd4 43. Bxc6 bxc6 44. Kf3 Rd5 45. Nb7 f5 46. gxf5 gxf5 47. a4 Rd3+ 48. Kf2 Rxh3 49. Kg1 Ne3 50. Rxc6 bxa4 51. Nc5 Ng4 52. Nxa4 Rg3+ 53. Kh1 Rb3 54. Rb6 Re3 55. Nc5 Kf7 56. Kg2 h5 57. Rb3 Re2+ 58. Kg3 Rh2 59. Rb7+ Kg6 60. Rb6+ Kf7 61. Rb7+ Kg6 1/2-1/2

[Event "Nordic-ch"]
[Site "Sarpsborg"]
[Date "2019.06.27"]
[Round "9"]
[White "Hobber, Anders"]
[Black "Lindgren, Philip"]
[Result "1-0"]
[WhiteElo "2282"]
[BlackElo "2384"]
[PlyCount "149"]
[EventDate "2019.06.21"]
[EventType "swiss"]
[EventRounds "9"]
[EventCountry "NOR"]
[SourceTitle "CBM 191 Extra"]
[Source "ChessBase"]
[SourceDate "2019.09.30"]
[SourceVersion "1"]
[SourceVersionDate "2019.09.30"]
[SourceQuality "1"]

1. Nf3 d5 2. g3 g6 3. Bg2 Bg7 4. 0-0 e5 5. d3 Ne7 6. e4 0-0 7. exd5 Nxd5 8. Re1 Nc6 9. Nbd2 Re8 10. a4 h6 11. c3 Bf5 12. Ne4 a5 13. Qb3 Nb6 14. Nc5 Bxd3 15. Nxb7 Qe7 16. Nd2 e4 17. Bxe4 Rab8 18. Re3 Bxe4 19. Nxe4 Ne5 20. Nec5 Nbc4 21. Rxe5 Nxe5 22. Bf4 Nf3+ 23. Kg2 Ne1+ 24. Rxe1 Qxe1 25. Qd5 Qe7 26. Qc6 g5 27. Be3 Be5 28. Qxh6 f6 29. Nxa5 Qh7 30. Qxh7+ Kxh7 31. Nc4 Kg6 32. Nxe5+ Rxe5 33. b4 Rd8 34. Kf3 Rd1 35. a5 Rb1 36. g4 c6 37. Nd7 Rd5 38. Nb8 c5 39. Nc6 Kf7 40. Bxc5 Rd3+ 41. Ke4 Rxc3 42. Kd5 Rd1+ 43. Nd4 Ke8 44. a6 Kd7 45. a7 Ra1 46. Nb5 Rc2 47. Bb6 Rc6 48. Bc5 Re6 49. Bd4 Ra2 50. Kc4 Kc6 51. Nc3 Ra3 52. b5+ Kb7 53. Kd5 Re8 54. Ne4 Rd8+ 55. Nd6+ Rxd6+ 56. Kxd6 Rd3 57. Kd5 Rh3 58. Ke6 Rf3 59. b6 Rf4 60. Be3 Rxg4 61. Kxf6 Rg2 62. h3 Rh2 63. Kxg5 Rxh3 64. Kg4 Rh1 65. f4 Re1 66. Kf3 Ra1 67. Ke4 Ra4+ 68. Bd4 Ra2 69. f5 Re2+ 70. Be3 Re1 71. f6 Rf1 72. Bd4 Re1+ 73. Kd5 Re8 74. f7 Rd8+ 75. Ke5 1-0